<?xml version="1.0" encoding="UTF-8"?><?xml-stylesheet type="text/xsl" href="static/style.xsl"?><OAI-PMH xmlns="http://www.openarchives.org/OAI/2.0/" xmlns:xsi="http://www.w3.org/2001/XMLSchema-instance" xsi:schemaLocation="http://www.openarchives.org/OAI/2.0/ http://www.openarchives.org/OAI/2.0/OAI-PMH.xsd"><responseDate>2026-04-17T20:38:49Z</responseDate><request verb="GetRecord" identifier="oai:www.recercat.cat:2072/456388" metadataPrefix="marc">https://recercat.cat/oai/request</request><GetRecord><record><header><identifier>oai:recercat.cat:2072/456388</identifier><datestamp>2026-03-26T04:03:37Z</datestamp><setSpec>com_2072_98</setSpec><setSpec>col_2072_378192</setSpec></header><metadata><record xmlns="http://www.loc.gov/MARC21/slim" xmlns:dcterms="http://purl.org/dc/terms/" xmlns:xsi="http://www.w3.org/2001/XMLSchema-instance" xmlns:doc="http://www.lyncode.com/xoai" xsi:schemaLocation="http://www.loc.gov/MARC21/slim http://www.loc.gov/standards/marcxml/schema/MARC21slim.xsd">
   <leader>00925njm 22002777a 4500</leader>
   <datafield ind2=" " ind1=" " tag="042">
      <subfield code="a">dc</subfield>
   </datafield>
   <datafield ind2=" " ind1=" " tag="720">
      <subfield code="a">Barbosa, Luis Hernando</subfield>
      <subfield code="e">author</subfield>
   </datafield>
   <datafield ind2=" " ind1=" " tag="260">
      <subfield code="c">2021</subfield>
   </datafield>
   <datafield ind2=" " ind1=" " tag="520">
      <subfield code="a">En este trabajo se presenta una investigación en enseñanza de la física general en la que la ecuación hidrodinámica de Bernoulli es instruida en tres cursos de estudiantes de ingeniería con un método activo que incorpora el uso de experimentos discrepantes. Para determinar el aprendizaje de tal ecuación se usa el pre/postest con un cuestionario sobre la ecuación previamente validado en el marco de la teoría clásica del test. El aprendizaje de la ecuación se analiza con la ganancia de Hake indicando la efectividad del método. Para revelar el cambio conceptual en la población intervenida y de control se usan los vectores de evolución de Bao. Se ha encontrado que el método activo presenta mayores ganancias que el método tradicional en más del doble del valor. Además, los vectores de Bao revelan que el grupo con método activo tuvo una mejor evolución conceptual que el grupo control.</subfield>
   </datafield>
   <datafield ind2=" " ind1=" " tag="520">
      <subfield code="a">This paper presents an investigation in general physics teaching in which the Bernoulli hydrodynamic equation is taught in three courses of engineering students with an active method that incorporates the use of discrepant experiments. To determine the learning of such an equation, we used the pre/post-test with a test on the equation previously validated in the framework of the classical theory of the test. We analyzed the learning of the equation with the Hake gain indicating the modification of the method. Bao's evolution vectors are used to reveal the conceptual change in the operated and control population. The active method has been found to have higher returns than the traditional method at more than double the value. Furthermore, the Bao vectors reveal the group with active method had a better conceptual evolution than the control group.</subfield>
   </datafield>
   <datafield tag="653" ind2=" " ind1=" ">
      <subfield code="a">Ecuación hidrodinámica de Bernoulli</subfield>
   </datafield>
   <datafield tag="653" ind2=" " ind1=" ">
      <subfield code="a">Experimentos discrepantes</subfield>
   </datafield>
   <datafield tag="653" ind2=" " ind1=" ">
      <subfield code="a">Ganancia normalizada</subfield>
   </datafield>
   <datafield tag="653" ind2=" " ind1=" ">
      <subfield code="a">Vectores de Bao</subfield>
   </datafield>
   <datafield tag="653" ind2=" " ind1=" ">
      <subfield code="a">Enseñanza de la física</subfield>
   </datafield>
   <datafield tag="653" ind2=" " ind1=" ">
      <subfield code="a">Bernoulli hydrodynamic equation</subfield>
   </datafield>
   <datafield tag="653" ind2=" " ind1=" ">
      <subfield code="a">Discrepant experiments</subfield>
   </datafield>
   <datafield tag="653" ind2=" " ind1=" ">
      <subfield code="a">Normalized gain</subfield>
   </datafield>
   <datafield tag="653" ind2=" " ind1=" ">
      <subfield code="a">Bao vectors</subfield>
   </datafield>
   <datafield tag="653" ind2=" " ind1=" ">
      <subfield code="a">Physics teaching</subfield>
   </datafield>
   <datafield ind2="0" ind1="0" tag="245">
      <subfield code="a">Superación de dificultades en el aprendizaje de la ecuación de Bernoulli con experimentos discrepantes</subfield>
   </datafield>
</record></metadata></record></GetRecord></OAI-PMH>